000 00662cam a2200181 a 4500
020 _a1566702615
082 0 0 _a551.028
_bHAl
_cL-N, P-22
100 1 _aHallenburg, James K.
_940390
245 1 0 _aStandard methods of geophysical formation evaluation /
_cJames K. Hallenburg.
260 _aBoca Raton :
_bLewis Publishers,
_cc1998.
300 _a442 p. :
_bill. ;
_c25 cm.
526 _a0
_b0
_c0
_d551_028000000000000_HAL
650 0 _aGeophysical instruments.
_940391
650 0 _aGeophysics
_xMethodology.
_940392
650 0 _aProspecting
_xGeophysical methods.
_940393
856 4 2 _uhttp://www.loc.gov/catdir/enhancements/fy0646/98123214-d.html
942 _2ddc
_cBK
999 _c544696
_d544696